Di sản tên Nôm các làng văn hóa dân gian Việt Nam

Shranjeno v:
Bibliografske podrobnosti
Format: Knjiga
Jezik:Vietnamese
Izdano: H. Dân trí 2010
Teme:
Oznake: Označite
Brez oznak, prvi označite!
Thư viện lưu trữ: Mạng thư viện Đại học Đà Nẵng
LEADER 01184aam a22003378a 4500
001 000016174
003 12568
005 20120725150719.0
008 120725s2010 viesd
020 |d 2000b 
041 0 |a vie 
082 1 4 |2 14  |a 398.209597  |b Dis 
245 0 0 |a Di sản tên Nôm các làng văn hóa dân gian Việt Nam  |c Trần Gia Linh (nghiên cứu, sưu tầm, biên soạn) 
260 |a H.  |b Dân trí  |c 2010 
300 |a 392 tr  |c 21cm 
500 |a ĐTTS ghi: Hội Văn nghệ dân gian Việt Nam 
546 |a Chính văn bằng 2 thứ tiếng: Việt - Ba Na 
650 7 |2 Bộ TK TVQG 
650 7 |2 Bộ TK TVQG 
651 7 |2 Bộ TK TVQG  |a Việt Nam 
655 7 |2 Bộ TK TVQG  |a Sử thi 
OWN |a LSP 
AVA |a UDN50  |b LSP  |d 398.209597 Dis  |e available  |t Error 5001 Not defined in file expand_doc_bib_avail.  |f 1  |g 0  |h N  |i 0  |k 1 
999 |a From the UDN01 
AVA |a UDN50  |b LSP  |d 398.209597 Dis  |e available  |t Error 5001 Not defined in file expand_doc_bib_avail.  |f 1  |g 0  |h N  |i 0  |k 1 
TYP |a Monograph 
TYP |a Printed language 
980 |a Mạng thư viện Đại học Đà Nẵng